[Event "Edmonton closed"]
[Site "Edmonton CAN"]
[Date "2000.02.10"]
[Round "5"]
[White "Hughey, Micah"]
[Black "Ottosen, David"]
[Result "1/2-1/2"]
[WhiteElo "2052"]
[BlackElo "2236"]
[PlyCount "161"]
[GameId "2160767911741495"]
[EventDate "2000.01.13"]
[EventType "tourn"]
[EventRounds "7"]
[EventCountry "CAN"]

1. d4 d5 2. Nc3 e6 3. Nf3 c5 4. e4 cxd4 5. Nxd4 Bb4 6. Bb5+ Bd7 7. exd5 Bxb5 8. Ndxb5 a6 9. Qg4 Bf8 10. Nd4 Nf6 11. Qf3 Bb4 12. O-O Bxc3 13. Qxc3 Nxd5 14. Qb3 Qc7 15. c4 Ne7 16. Be3 Nd7 17. Qa3 Qxc4 18. Rac1 Qd5 19. Rfd1 Rc8 20. Nc6 Rxc6 21. Rxd5 Rxc1+ 22. Bxc1 Nxd5 23. Qd6 Kd8 24. b3 Kc8 25. Bb2 Rg8 26. a4 g6 27. g3 Rd8 28. b4 N7b6 29. Qc5+ Kd7 30. a5 Na4 31. Qc2 Nxb2 32. Qxb2 Kc6 33. Qe2 Kd6 34. b5 axb5 35. Qxb5 Rd7 36. Kg2 Rc7 37. h3 h5 38. Kf3 e5 39. a6 bxa6 40. Qxa6+ Rc6 41. Qa3+ Ke6 42. Qf8 Rc3+ 43. Ke2 Ne7 44. Qe8 h4 45. gxh4 Rxh3 46. Qa4 Nf5 47. Qc6+ Nd6 48. Qa4 f5 49. Qa2+ Kf6 50. Qa6 Ke6 51. Qa2+ Kd7 52. Qa7+ Kc6 53. Qg7 Rxh4 54. Qxg6 Re4+ 55. Kf1 Rg4 56. Qe6 Re4 57. Kg2 Kc5 58. f3 Re3 59. Kf2 f4 60. Qa2 Nb5 61. Qc2+ Nc3 62. Qh7 Kd4 63. Qd7+ Kc4 64. Qe6+ Kd3 65. Qa6+ Kc2 66. Qc4 Kd2 67. Qb4 Kd3 68. Qd6+ Kc2 69. Qc5 Kb3 70. Qb6+ Kc4 71. Qe6+ Kd4 72. Qb6+ Kd5 73. Qa5+ Ke6 74. Qa6+ Kd5 75. Qb7+ Kd4 76. Qb6+ Kd3 77. Qa6+ Kc2 78. Qc4 e4 79. fxe4 Rxe4 80. Qxe4+ Nxe4+ 81. Kf3 1/2-1/2

[Event "Edmonton closed"]
[Site "Edmonton CAN"]
[Date "2000.02.17"]
[Round "6"]
[White "Ottosen, David"]
[Black "Kazakevich, Alexander"]
[Result "0-1"]
[WhiteElo "2236"]
[BlackElo "1650"]
[PlyCount "60"]
[GameId "2160767911741496"]
[EventDate "2000.01.13"]
[EventType "tourn"]
[EventRounds "7"]
[EventCountry "CAN"]

1. d4 f5 2. Bg5 d5 3. e3 Nf6 4. Bxf6 exf6 5. Bd3 Nc6 6. Ne2 Bd6 7. c3 Ne7 8. Qc2 c6 9. Nd2 Qc7 10. O-O-O Be6 11. f3 O-O-O 12. Kb1 Qb6 13. c4 dxc4 14. Nxc4 Qc7 15. Nxd6+ Qxd6 16. Nf4 g6 17. Nxe6 Qxe6 18. Rhe1 Nd5 19. Qa4 Kb8 20. Qb3 Rhe8 21. Bc4 Qd7 22. h4 Re7 23. e4 Rde8 24. Qc2 fxe4 25. fxe4 Qg4 26. Rf1 Ne3 27. Be2 Qxg2 28. Qd3 Qxe4 29. Qxe4 Rxe4 30. Bf3 R4e7 0-1

[Event "Edmonton closed"]
[Site "Edmonton CAN"]
[Date "2000.02.24"]
[Round "7"]
[White "Nystrom, Kurtis"]
[Black "Ottosen, David"]
[Result "0-1"]
[WhiteElo "1700"]
[BlackElo "2236"]
[PlyCount "66"]
[GameId "2160767911741497"]
[EventDate "2000.01.13"]
[EventType "tourn"]
[EventRounds "7"]
[EventCountry "CAN"]

1. e4 c5 2. Nf3 Nc6 3. d4 cxd4 4. Nxd4 g6 5. Nc3 d6 6. Be3 Nf6 7. f3 Bg7 8. Qd2 O-O 9. O-O-O Bd7 10. Bc4 Rc8 11. Bb3 Ne5 12. h4 h5 13. Bh6 Bxh6 14. Qxh6 Rxc3 15. bxc3 Qc7 16. Qe3 a5 17. a4 Qc5 18. Qe2 Bxa4 19. Bxa4 Qa3+ 20. Kd2 Qxa4 21. Qb5 Qxb5 22. Nxb5 Nc4+ 23. Ke2 Rc8 24. Ra1 Rc5 25. Rhb1 Nd7 26. Na3 Ncb6 27. Nb5 d5 28. exd5 Nxd5 29. Kd2 Ne5 30. Ra4 b6 31. Rb3 Nc4+ 32. Rxc4 Rxc4 33. Kd3 Rxh4 0-1

[Event "Edmonton op"]
[Site "Edmonton CAN"]
[Date "2000.08.26"]
[Round "1"]
[White "Davies, Bob"]
[Black "Ottosen, David"]
[Result "1/2-1/2"]
[WhiteElo "1642"]
[BlackElo "2115"]
[PlyCount "98"]
[GameId "2160767911652697"]
[EventDate "2000.08.26"]
[EventType "swiss"]
[EventRounds "4"]
[EventCountry "CAN"]

1. g3 e5 2. Bg2 d5 3. Nf3 Nc6 4. d3 Be6 5. O-O Qd7 6. Ng5 Bg4 7. h3 Bh5 8. c4 dxc4 9. dxc4 Qxd1 10. Rxd1 Bxe2 11. Bxc6+ bxc6 12. Re1 Bxc4 13. Rxe5+ Be7 14. Ne4 O-O-O 15. Nbc3 Bb4 16. Be3 f6 17. Rf5 Ne7 18. Rf3 Rd3 19. a3 Bxc3 20. Nxc3 Nd5 21. Rc1 Nxe3 22. Rxe3 Rxe3 23. fxe3 Rd8 24. Rd1 Rd6 25. Kf2 Bb3 26. Rd4 Kd7 27. Ne4 Rxd4 28. Nc5+ Kd6 29. exd4 Be6 30. h4 Bc8 31. Ke3 Kd5 32. Kd3 g5 33. Ke3 gxh4 34. gxh4 f5 35. Nd3 a5 36. h5 Ba6 37. Nf4+ Kc4 38. Ne6 Kb3 39. Nc5+ Kxb2 40. Nxa6 Kxa3 41. Kf4 Kb3 42. Nc5+ Kc4 43. Kxf5 Kxd4 44. Nb3+ Kd5 45. Nxa5 c5 46. h6 c4 47. Nxc4 Kxc4 48. Kf6 Kd5 49. Kg7 c5 1/2-1/2

[Event "Edmonton op"]
[Site "Edmonton CAN"]
[Date "2000.08.27"]
[Round "3"]
[White "Ottosen, David"]
[Black "Beebe, Greg"]
[Result "1-0"]
[WhiteElo "2115"]
[BlackElo "1805"]
[PlyCount "59"]
[GameId "2160767911652698"]
[EventDate "2000.08.26"]
[EventType "swiss"]
[EventRounds "4"]
[EventCountry "CAN"]

1. f4 d5 2. Nf3 Nf6 3. b3 Nc6 4. Bb2 Bf5 5. e3 e6 6. Bb5 Be7 7. Ne5 O-O 8. Bxc6 bxc6 9. Nxc6 Qe8 10. Nxe7+ Qxe7 11. Ba3 Bg4 12. Bxe7 Bxd1 13. Kxd1 Rfe8 14. Bxf6 gxf6 15. Nc3 c5 16. f5 d4 17. exd4 cxd4 18. Ne4 Kg7 19. Rf1 e5 20. d3 a5 21. Rf3 Ra6 22. Kd2 Rc8 23. Rg3+ Kf8 24. Rh3 Rac6 25. Rc1 Kg7 26. Rg3+ Kf8 27. Kd1 h6 28. Nd2 Rc3 29. Nc4 a4 30. Kd2 1-0

[Event "Edmonton op"]
[Site "Edmonton CAN"]
[Date "2000.08.27"]
[Round "4"]
[White "Clark, Alan"]
[Black "Ottosen, David"]
[Result "0-1"]
[WhiteElo "2014"]
[BlackElo "2115"]
[PlyCount "42"]
[GameId "2160767911652699"]
[EventDate "2000.08.26"]
[EventType "swiss"]
[EventRounds "4"]
[EventCountry "CAN"]

1. e4 d6 2. d4 g6 3. Nc3 Nf6 4. f3 c5 5. Nge2 cxd4 6. Nxd4 Bg7 7. Be3 Nc6 8. Qd2 Bd7 9. Bc4 Rc8 10. Bb3 Ne5 11. O-O-O Nc4 12. Bxc4 Rxc4 13. g4 O-O 14. h4 Bxg4 15. fxg4 Nxg4 16. Qe2 Nxe3 17. Qxe3 Qb6 18. Nce2 Rfc8 19. Qh3 Rxc2+ 20. Nxc2 Qxb2+ 21. Kd2 Rxc2+ 0-1

[Event "February TNT"]
[Site "Winnipeg CAN"]
[Date "2000.02.01"]
[Round "1"]
[White "Gibbons, Lorne"]
[Black "Hanrahan, Nigel"]
[Result "0-1"]
[WhiteElo "1380"]
[BlackElo "1694"]
[PlyCount "62"]
[GameId "2160767911741454"]
[EventDate "2000.02.01"]
[EventType "swiss"]
[EventRounds "4"]
[EventCountry "CAN"]

1. d4 Nf6 2. c4 e6 3. a3 d5 4. c5 c6 5. Bf4 Nh5 6. Bxb8 Rxb8 7. g4 Nf6 8. h3 Qc7 9. b4 e5 10. e3 exd4 11. Qxd4 b6 12. cxb6 axb6 13. Nf3 c5 14. bxc5 bxc5 15. Qe5+ Qxe5 16. Nxe5 Bd6 17. Nf3 O-O 18. Nbd2 Re8 19. Bd3 c4 20. Bc2 Ba6 21. Nd4 c3 22. N2f3 Rb2 23. Kd1 Ne4 24. Bxe4 dxe4 25. Ne1 Rxf2 26. Ndc2 Rd2+ 27. Kc1 Be2 28. Nd4 Rd1+ 29. Kc2 Rxa1 30. Nxe2 Ra2+ 31. Kd1 Rd2+ 0-1

[Event "February TNT"]
[Site "Winnipeg CAN"]
[Date "2000.02.01"]
[Round "1"]
[White "Milord, Frank"]
[Black "Bays, Derek"]
[Result "1-0"]
[WhiteElo "1762"]
[BlackElo "1505"]
[PlyCount "139"]
[GameId "2160767911741455"]
[EventDate "2000.02.01"]
[EventType "swiss"]
[EventRounds "4"]
[EventCountry "CAN"]

1. e4 c6 2. d4 d5 3. exd5 cxd5 4. Bd3 Nc6 5. c3 Nf6 6. Bf4 e6 7. Nf3 Bd6 8. Bg5 O-O 9. O-O Be7 10. Re1 Re8 11. Ne5 g6 12. Bb5 Qb6 13. Bxc6 bxc6 14. Qf3 Kg7 15. b3 Rf8 16. Qh3 h5 17. Nd2 Qd8 18. Nxc6 Qc7 19. Nxe7 Qxe7 20. Qf3 Bb7 21. Qf4 Rac8 22. Bh6+ Kg8 23. Bxf8 Kxf8 24. Rac1 Ne8 25. Nf3 Kg7 26. Qe5+ Qf6 27. h4 Ba6 28. Qxf6+ Nxf6 29. Ng5 Bd3 30. Re3 Ba6 31. a4 Ng4 32. Rf3 Nh6 33. Re1 Nf5 34. Nxe6+ fxe6 35. Rxe6 Bb7 36. Rxf5 gxf5 37. Re7+ Kf8 38. Rxb7 Rxc3 39. Rb5 Ke7 40. Rxd5 Ke6 41. Re5+ Kf6 42. Re3 Rc1+ 43. Kh2 Rd1 44. d5 Rxd5 45. g3 Rd2 46. Kg2 Rd4 47. Kf3 a6 48. Rc3 Ke5 49. Rc5+ Ke6 50. Rc6+ Ke5 51. Rc5+ Ke6 52. Ke3 Re4+ 53. Kd3 Re1 54. Rc6+ Kd5 55. Rxa6 Rd1+ 56. Ke3 Rc1 57. Ra5+ Ke6 58. Rb5 Re1+ 59. Kd2 Re4 60. a5 f4 61. Kd3 fxg3 62. fxg3 Rg4 63. Rg5 Rb4 64. Kc3 Re4 65. a6 Re3+ 66. Kb4 Kf6 67. a7 Re4+ 68. Kb5 Re3 69. a8=Q Rxb3+ 70. Kc4 1-0

[Event "February TNT"]
[Site "Winnipeg CAN"]
[Date "2000.02.01"]
[Round "1"]
[White "Schulz, Waldemar"]
[Black "Remillard, John"]
[Result "1-0"]
[WhiteElo "2031"]
[BlackElo "1587"]
[PlyCount "105"]
[GameId "2160767911741456"]
[EventDate "2000.02.01"]
[EventType "swiss"]
[EventRounds "4"]
[EventCountry "CAN"]

1. d4 Nc6 2. c4 e5 3. d5 Nce7 4. e4 Nf6 5. Nc3 Ng6 6. Qc2 Bb4 7. Nge2 a6 8. a3 Ba5 9. Bg5 O-O 10. b4 Bb6 11. c5 Ba7 12. Nc1 b6 13. Nb3 h6 14. Be3 Ng4 15. Nd1 d6 16. Be2 Nh4 17. O-O f5 18. Bxg4 fxg4 19. Rc1 Nf3+ 20. gxf3 Qh4 21. Kh1 Rxf3 22. Rg1 Rh3 23. Rg2 Bd7 24. Nc3 Rf8 25. cxd6 g3 26. fxg3 Qh5 27. Nd2 cxd6 28. Qd1 Bg4 29. Qg1 Rc8 30. Ne2 Rxc1 31. Nxc1 Bf3 32. Nxf3 Qxf3 33. Qf2 Qxe4 34. Qd2 Rh5 35. Kg1 Rf5 36. Qd3 Qg4 37. Rf2 Rf3 38. Qe2 e4 39. Rxf3 exf3 40. Qxa6 Qf5 41. Qd3 Qh3 42. Qc2 Qh5 43. Qc8+ Kh7 44. Qe6 f2+ 45. Bxf2 Qd1+ 46. Qe1 Qxd5 47. Qe2 Qc6 48. Qd3+ Kg8 49. Ne2 Bb8 50. Be3 d5 51. Nc3 Kf8 52. Nxd5 Qd7 53. Bxb6 1-0

[Event "February TNT"]
[Site "Winnipeg CAN"]
[Date "2000.02.01"]
[Round "1"]
[White "Trueman, Francis"]
[Black "Gibson, Kris"]
[Result "1-0"]
[WhiteElo "1480"]
[BlackElo "1879"]
[PlyCount "151"]
[GameId "2160767911741457"]
[EventDate "2000.02.01"]
[EventType "swiss"]
[EventRounds "4"]
[EventCountry "CAN"]

1. Nf3 c5 2. g3 d5 3. Bg2 Nc6 4. c3 e5 5. d3 Be7 6. Nbd2 g5 7. O-O g4 8. Nh4 Bxh4 9. gxh4 Qxh4 10. Bxd5 f5 11. Nc4 Nf6 12. Bxc6+ bxc6 13. Nxe5 Rg8 14. Qb3 Rg7 15. Bf4 g3 16. fxg3 Nd5 17. Kh1 Qh3 18. Qc4 Be6 19. Qa4 Rc8 20. Rg1 Nb6 21. Qd1 Nd7 22. Nc4 Bd5+ 23. e4 fxe4 24. Qe2 e3+ 25. Rg2 Bxg2+ 26. Qxg2 Qxg2+ 27. Kxg2 Kf8 28. Bh6 Kg8 29. Bxg7 Kxg7 30. Re1 Re8 31. Rxe3 Rxe3 32. Nxe3 Ne5 33. d4 Nd3 34. Nc4 cxd4 35. cxd4 Nb4 36. Na5 Nxa2 37. Nxc6 a6 38. Kf3 Nc1 39. b4 Kf6 40. Nb8 Nb3 41. Nxa6 Nxd4+ 42. Kg4 Kg6 43. Nc7 h5+ 44. Kf4 Ne2+ 45. Ke3 Nc3 46. b5 Na4 47. Nd5 Nc5 48. b6 Kg5 49. h3 h4 50. g4 Nb7 51. Ke4 Nd6+ 52. Kd4 Nb7 53. Kc4 Kg6 54. Kb5 Kf7 55. Kc6 Na5+ 56. Kc7 Ke6 57. Nf4+ Kf6 58. b7 Nxb7 59. Kxb7 Kg5 60. Ng2 Kh6 61. Nxh4 Kg5 62. Ng2 Kf6 63. h4 Kf7 64. Kc7 Kf6 65. Kd6 Kf7 66. Nf4 Kf6 67. Ne6 Kg6 68. Ke5 Kh6 69. Kf6 Kh7 70. g5 Kg8 71. h5 Kh7 72. Kf7 Kh8 73. h6 Kh7 74. g6+ Kxh6 75. g7 Kh5 76. g8=Q 1-0

[Event "February TNT"]
[Site "Winnipeg CAN"]
[Date "2000.02.08"]
[Round "2"]
[White "Hanrahan, Nigel"]
[Black "Milord, Frank"]
[Result "1/2-1/2"]
[WhiteElo "1694"]
[BlackElo "1762"]
[PlyCount "56"]
[GameId "2160767911741458"]
[EventDate "2000.02.01"]
[EventType "swiss"]
[EventRounds "4"]
[EventCountry "CAN"]

1. c4 c5 2. g3 g6 3. Bg2 Bg7 4. Nc3 Nc6 5. e4 d6 6. Nge2 Be6 7. Nd5 Bg4 8. f3 Bd7 9. O-O h5 10. d3 h4 11. g4 h3 12. Bh1 e6 13. Ndc3 Nd4 14. Bf4 Bc6 15. Qd2 Ne7 16. Nxd4 Bxd4+ 17. Be3 Qa5 18. Bxd4 cxd4 19. Nb1 Qxd2 20. Nxd2 e5 21. b4 g5 22. a4 a5 23. b5 Bd7 24. c5 dxc5 25. Nc4 Ng6 26. Nd6+ Ke7 27. Nxb7 Rhc8 28. Rfc1 Rc7 1/2-1/2

[Event "February TNT"]
[Site "Winnipeg CAN"]
[Date "2000.02.08"]
[Round "2"]
[White "Moffat, Ron"]
[Black "Greenberg, Harley"]
[Result "0-1"]
[WhiteElo "1741"]
[BlackElo "1716"]
[PlyCount "55"]
[GameId "2160767911741459"]
[EventDate "2000.02.01"]
[EventType "swiss"]
[EventRounds "4"]
[EventCountry "CAN"]

1. d4 Nf6 2. c4 g6 3. Nc3 d5 4. Nf3 Bg7 5. Qb3 dxc4 6. Qxc4 O-O 7. e4 Bg4 8. Ne5 Nc6 9. Nxc6 bxc6 10. Be3 Rb8 11. b3 a5 12. Qxc6 Bd7 13. Qc5 Ng4 14. Bf4 Rb4 15. Qxc7 Bxd4 16. Rc1 Bxc3+ 17. Rxc3 Rxe4+ 18. Be2 Bb5 19. Rc2 Qd4 20. Be3 Nxe3 21. fxe3 Qxe3 22. Qg3 Qd4 23. Rf1 Rd8 24. Qf3 Qd1+ 25. Kf2 Qxc2 26. Qxe4 Qxe4 27. Bxb5 Rd2+ 28. Kg1 0-1

[Event "February TNT"]
[Site "Winnipeg CAN"]
[Date "2000.02.15"]
[Round "3"]
[White "Greenberg, Harley"]
[Black "Schulz, Waldemar"]
[Result "0-1"]
[WhiteElo "1716"]
[BlackElo "2031"]
[PlyCount "62"]
[GameId "2160767911741460"]
[EventDate "2000.02.01"]
[EventType "swiss"]
[EventRounds "4"]
[EventCountry "CAN"]

1. d4 Nf6 2. c4 g6 3. Nc3 d5 4. Nf3 Bg7 5. Qb3 dxc4 6. Qxc4 O-O 7. e4 a6 8. e5 b5 9. Qb3 Nfd7 10. e6 fxe6 11. Be3 Nb6 12. Rd1 Nd5 13. h4 Nxc3 14. bxc3 Rxf3 15. gxf3 Qd5 16. Qxd5 exd5 17. h5 Bf5 18. hxg6 Bxg6 19. Bf4 c5 20. Bh3 Kf7 21. Bc8 e6 22. Bd6 cxd4 23. cxd4 Nc6 24. Bb7 Rd8 25. Bc5 Nb8 26. a4 Rd7 27. Ba8 b4 28. a5 b3 29. Kd2 Bf8 30. Bb6 Bb4+ 31. Kc1 Bc3 0-1

[Event "February TNT"]
[Site "Winnipeg CAN"]
[Date "2000.02.15"]
[Round "3"]
[White "Milord, Frank"]
[Black "Weijs, Harry"]
[Result "1-0"]
[WhiteElo "1762"]
[BlackElo "1508"]
[PlyCount "60"]
[GameId "2160767911741461"]
[EventDate "2000.02.01"]
[EventType "swiss"]
[EventRounds "4"]
[EventCountry "CAN"]

1. e4 d5 2. exd5 Nf6 3. d4 Bg4 4. Bb5+ Nbd7 5. Be2 Bxe2 6. Qxe2 Nxd5 7. Nf3 e6 8. O-O Be7 9. c4 N5b6 10. Nc3 O-O 11. Bf4 c6 12. Rad1 Nf6 13. a3 a5 14. Rfe1 Re8 15. Ne5 Bf8 16. Bg5 Be7 17. Rd3 h6 18. Bc1 Bf8 19. Red1 Qe7 20. Be3 Nfd7 21. Nxd7 Nxd7 22. Qg4 Nf6 23. Qh4 g5 24. Qg3 Bg7 25. f4 gxf4 26. Qxf4 Kh7 27. Rf1 Rf8 28. Qh4 Rae8 29. Bxh6 Rh8 30. Bxg7+ Kxg7 1-0

[Event "February TNT"]
[Site "Winnipeg CAN"]
[Date "2000.02.15"]
[Round "3"]
[White "Ott, Richard"]
[Black "Magyar, Peter"]
[Result "1-0"]
[WhiteElo "1481"]
[BlackElo "1558"]
[PlyCount "51"]
[GameId "2160767911741462"]
[EventDate "2000.02.01"]
[EventType "swiss"]
[EventRounds "4"]
[EventCountry "CAN"]

1. d4 Nf6 2. c4 e6 3. Nc3 Bb4 4. e3 Ne4 5. Qc2 Nxc3 6. bxc3 Be7 7. Nf3 b6 8. Bd3 g6 9. O-O Bb7 10. Rb1 Bxf3 11. gxf3 d6 12. Be4 d5 13. cxd5 exd5 14. Qa4+ c6 15. Bc2 b5 16. Qb3 Nd7 17. e4 Nf6 18. exd5 Nxd5 19. c4 bxc4 20. Qxc4 Qc8 21. Bh6 Bf8 22. Rfe1+ Be7 23. Ba4 Nb6 24. Bxc6+ Kd8 25. Rxb6 Bd6 26. Bg5+ 1-0

[Event "February TNT"]
[Site "Winnipeg CAN"]
[Date "2000.02.22"]
[Round "4"]
[White "Hanrahan, Nigel"]
[Black "Greenberg, Harley"]
[Result "0-1"]
[WhiteElo "1694"]
[BlackElo "1716"]
[PlyCount "115"]
[GameId "2160767911741463"]
[EventDate "2000.02.01"]
[EventType "swiss"]
[EventRounds "4"]
[EventCountry "CAN"]

1. c4 Nf6 2. g3 g6 3. Bg2 Bg7 4. Nc3 c5 5. d3 Nc6 6. Bg5 Qa5 7. Qc1 O-O 8. Bxc6 bxc6 9. Bh6 d5 10. Bxg7 Kxg7 11. cxd5 cxd5 12. Qd2 Bb7 13. Nf3 d4 14. Ne4 Qb6 15. Nxf6 Qxf6 16. Qf4 Qxf4 17. gxf4 Bxf3 18. exf3 Kf6 19. Rc1 Rfc8 20. h4 h5 21. Rg1 Rab8 22. b3 a5 23. Rc4 Rb4 24. Rg5 Rxc4 25. dxc4 e6 26. Kd2 Ke7 27. Kd3 Kd6 28. Rg1 Rb8 29. Rg5 a4 30. Kc2 axb3+ 31. axb3 d3+ 32. Kxd3 Rxb3+ 33. Ke2 Rc3 34. Rg1 Rxc4 35. Ke3 Kc6 36. Rd1 Rb4 37. Rd8 c4 38. Rf8 Rb7 39. Kd4 Kb5 40. Kc3 Rc7 41. Rb8+ Kc5 42. Rb4 Kd6 43. Rxc4 Rxc4+ 44. Kxc4 e5 45. Kd3 exf4 46. Ke4 Ke6 47. Kxf4 Kf6 48. Kg3 Kf5 49. f4 Ke4 50. f5 Kxf5 51. Kf3 f6 52. Kg3 Ke4 53. f3+ Ke3 54. Kg2 Kf4 55. Kf2 f5 56. Kg2 Ke3 57. Kg3 f4+ 58. Kg2 0-1

[Event "February TNT"]
[Site "Winnipeg CAN"]
[Date "2000.02.22"]
[Round "4"]
[White "Moffat, Ron"]
[Black "Milord, Frank"]
[Result "1-0"]
[WhiteElo "1741"]
[BlackElo "1762"]
[PlyCount "53"]
[GameId "2160767911741464"]
[EventDate "2000.02.01"]
[EventType "swiss"]
[EventRounds "4"]
[EventCountry "CAN"]

1. d4 d5 2. c4 c6 3. Nf3 Nf6 4. Nc3 dxc4 5. a4 Bf5 6. e3 e6 7. Bxc4 Bb4 8. O-O Nbd7 9. Qe2 O-O 10. e4 Bg6 11. e5 Nd5 12. Ne4 h6 13. Bd3 Be7 14. Ne1 c5 15. f4 cxd4 16. Nf3 Bh5 17. Ng3 Bxf3 18. Rxf3 Nc5 19. f5 Nxd3 20. Qxd3 exf5 21. Nxf5 Bg5 22. Rg3 Ne3 23. Nxd4 Qb6 24. Bxe3 Rad8 25. Rd1 Bxe3+ 26. Qxe3 Kh8 27. Rd2 1-0

[Event "February TNT"]
[Site "Winnipeg CAN"]
[Date "2000.02.22"]
[Round "4"]
[White "Weijs, Harry"]
[Black "Bays, Derek"]
[Result "1-0"]
[WhiteElo "1508"]
[BlackElo "1505"]
[PlyCount "40"]
[GameId "2160767911741465"]
[EventDate "2000.02.01"]
[EventType "swiss"]
[EventRounds "4"]
[EventCountry "CAN"]

1. d4 Nf6 2. Bg5 g6 3. Bxf6 exf6 4. e4 Bg7 5. Nc3 O-O 6. Bc4 Nc6 7. Nge2 d6 8. Qd2 f5 9. exf5 Bxf5 10. a3 Re8 11. O-O-O a6 12. h4 b5 13. Bd5 Bd7 14. h5 Kh8 15. Bxf7 Re7 16. hxg6 Rxf7 17. Rxh7+ Kg8 18. Rdh1 Rxf2 19. Rxg7+ Kxg7 20. Qh6+ Kf6 1-0

[Event "Fete du travail"]
[Site "Charlesbourg CAN"]
[Date "2000.09.01"]
[Round "1"]
[White "Auger, Bertrand"]
[Black "Hebert, Andre jr"]
[Result "1-0"]
[WhiteElo "1983"]
[BlackElo "1607"]
[PlyCount "55"]
[GameId "2160767911652592"]
[EventDate "2000.09.01"]
[EventType "swiss"]
[EventRounds "5"]
[EventCountry "CAN"]

1. e4 e6 2. d4 d5 3. exd5 exd5 4. Nf3 Bd6 5. Bd3 Bg4 6. O-O Nc6 7. Re1+ Nge7 8. Be3 Qd7 9. c3 O-O-O 10. Be2 f6 11. Qa4 Kb8 12. Nbd2 Nc8 13. b4 Nb6 14. Qb3 a6 15. a4 Na7 16. Reb1 Nbc8 17. c4 dxc4 18. Nxc4 Be6 19. Qc3 Nb6 20. Nxb6 cxb6 21. d5 Bxd5 22. Bxb6 Rc8 23. Bxa7+ Kxa7 24. Qd4+ Kb8 25. Rd1 Rhe8 26. Qxd5 Rxe2 27. Qxd6+ Qxd6 28. Rxd6 1-0

[Event "Fete du travail"]
[Site "Charlesbourg CAN"]
[Date "2000.09.02"]
[Round "2"]
[White "Auger, Bertrand"]
[Black "Arteau, Benoit"]
[Result "1/2-1/2"]
[WhiteElo "1983"]
[BlackElo "1502"]
[PlyCount "74"]
[GameId "2160767911652593"]
[EventDate "2000.09.01"]
[EventType "swiss"]
[EventRounds "5"]
[EventCountry "CAN"]

1. Nf3 f5 2. d4 e6 3. c4 Nf6 4. g3 b6 5. Bg2 Bb7 6. O-O Nc6 7. Nc3 Bb4 8. d5 exd5 9. Nxd5 Bd6 10. Bg5 Be7 11. Nxe7 Qxe7 12. Nd4 Nxd4 13. Bxb7 Rb8 14. Qxd4 Rxb7 15. Rad1 c5 16. Qd3 Qe4 17. Bxf6 Qxd3 18. Rxd3 gxf6 19. e3 Ke7 20. Rfd1 Rd8 21. Rd6 Rc7 22. Kg2 Rc6 23. R6d5 Ke6 24. Kf3 a6 25. a4 d6 26. Kf4 Rb8 27. Rxf5 b5 28. axb5 axb5 29. cxb5 Rxb5 30. Rd2 Rcb6 31. Rfd5 Rxb2 32. Rxd6+ Rxd6 33. Rxb2 c4 34. e4 c3 35. Rc2 Rd2 36. Rxc3 Rxf2+ 37. Ke3 Rxh2 1/2-1/2

[Event "Fete du travail"]
[Site "Charlesbourg CAN"]
[Date "2000.09.02"]
[Round "3"]
[White "Leroux, Alexis"]
[Black "Auger, Bertrand"]
[Result "0-1"]
[WhiteElo "1207"]
[BlackElo "1983"]
[PlyCount "42"]
[GameId "2160767911652594"]
[EventDate "2000.09.01"]
[EventType "swiss"]
[EventRounds "5"]
[EventCountry "CAN"]

1. e4 e6 2. d4 d5 3. exd5 exd5 4. Nf3 Bd6 5. Nc3 c6 6. Bd3 Ne7 7. Ng5 Bf5 8. Qf3 Qd7 9. h3 O-O 10. g4 Bg6 11. Bd2 f6 12. Nxh7 Bxh7 13. Bxh7+ Kxh7 14. g5 Qe6+ 15. Ne2 Kg8 16. O-O-O fxg5 17. Qh5 g6 18. Qxg5 Qxe2 19. f4 Qh5 20. a3 Qxg5 21. fxg5 Nd7 0-1

[Event "Fete du travail"]
[Site "Charlesbourg CAN"]
[Date "2000.09.03"]
[Round "4"]
[White "Auger, Bertrand"]
[Black "Saint-Onge, Roland"]
[Result "1-0"]
[WhiteElo "1983"]
[BlackElo "1766"]
[PlyCount "67"]
[GameId "2160767911652595"]
[EventDate "2000.09.01"]
[EventType "swiss"]
[EventRounds "5"]
[EventCountry "CAN"]

1. c4 e5 2. g3 Nf6 3. Bg2 Bc5 4. Nc3 c6 5. e3 O-O 6. Nge2 Re8 7. Qc2 b6 8. O-O Ba6 9. b3 d5 10. cxd5 Nxd5 11. Nxd5 cxd5 12. d3 Nc6 13. a3 Rc8 14. b4 Nxb4 15. axb4 Bd4 16. Qa4 Bxa1 17. Qxa6 Rc2 18. Qxa1 Rxe2 19. Bf3 Rc2 20. Qa4 Rc7 21. Bxd5 Qc8 22. Qa1 Qf5 23. Be4 Qh5 24. Bb2 f6 25. Bd5+ Kh8 26. b5 Qe2 27. Bc6 Rec8 28. d4 a6 29. Re1 Qc4 30. Rc1 Qb3 31. bxa6 h6 32. d5 Qd3 33. a7 Qd2 34. a8=Q 1-0

[Event "Fete du travail"]
[Site "Charlesbourg CAN"]
[Date "2000.09.03"]
[Round "5"]
[White "Guy, Philippe"]
[Black "Auger, Bertrand"]
[Result "0-1"]
[WhiteElo "1875"]
[BlackElo "1983"]
[PlyCount "54"]
[GameId "2160767911652596"]
[EventDate "2000.09.01"]
[EventType "swiss"]
[EventRounds "5"]
[EventCountry "CAN"]

1. e4 e6 2. d4 d5 3. e5 b6 4. Nf3 Ne7 5. Bd3 Ba6 6. Qe2 Bxd3 7. Qxd3 c5 8. c3 Nbc6 9. O-O cxd4 10. cxd4 Nf5 11. Nc3 Be7 12. Be3 O-O 13. Rfc1 Qd7 14. g4 Nxe3 15. Qxe3 f6 16. Ne2 fxe5 17. Nxe5 Nxe5 18. Qxe5 Bd6 19. Qe3 Rae8 20. f4 g5 21. fxg5 e5 22. Qh3 exd4 23. Ng3 Bxg3 24. Qxg3 Re3 25. Qg2 Rf4 26. h3 Rff3 27. Kh2 Qd6+ 0-1

[Event "Fredericton Chess Knights"]
[Site "Fredericton CAN"]
[Date "2000.??.??"]
[Round "?"]
[White "Carr, Terry"]
[Black "Comeau, Georges"]
[Result "0-1"]
[WhiteElo "1945"]
[BlackElo "1866"]
[PlyCount "96"]
[GameId "2160767911741582"]
[EventDate "2000.??.??"]
[EventCountry "CAN"]
[SourceTitle "CFC 2000.10"]
[Source "CFC"]
[SourceDate "2000.10.??"]
[SourceVersionDate "2000.10.??"]
[SourceQuality "1"]

1. e4 e5 2. Nf3 Nc6 3. Bb5 a6 4. Ba4 Nf6 5. O-O Be7 6. Re1 b5 7. Bb3 O-O 8. c3 d6 9. h3 Be6 10. d4 Bxb3 11. axb3 exd4 12. Nxd4 Nxd4 13. Qxd4 c5 14. Qd3 Qb6 15. Be3 Qc6 16. Nd2 d5 17. Bg5 c4 18. Qf3 Nxe4 19. Bxe7 Nxd2 20. Qf4 Nxb3 21. Bxf8 Rxf8 22. Rad1 Nc5 23. Re7 Nd3 24. Qf3 Qd6 25. Re2 Rd8 26. Qe3 Kf8 27. Qd4 f6 28. b4 Rd7 29. Ra1 Nf4 30. Rea2 Ne6 31. Qe3 Nc7 32. Qd4 Qe5 33. Rd1 Qxd4 34. cxd4 Re7 35. f3 Re3 36. Rb2 f5 37. f4 Ke7 38. Kf2 Ra3 39. Re1+ Kd6 40. Re3 Rxe3 41. Kxe3 Kc6 42. g4 g6 43. gxf5 gxf5 44. Rg2 a5 45. bxa5 b4 46. Rg7 b3 47. Kd2 b2 48. Kc2 c3 0-1

[Event "Halifax op"]
[Site "Halifax CAN"]
[Date "2000.??.??"]
[Round "?"]
[White "Kenney, Jason"]
[Black "Gulati, Justin"]
[Result "1-0"]
[WhiteElo "1907"]
[BlackElo "2145"]
[PlyCount "41"]
[GameId "2160767911741583"]
[EventDate "2000.??.??"]
[EventType "swiss"]
[EventRounds "6"]
[EventCountry "CAN"]
[SourceTitle "CFC 2000.08"]
[Source "CFC"]
[SourceDate "2000.08.??"]
[SourceVersionDate "2000.08.??"]
[SourceQuality "1"]

1. d4 g6 2. e4 Bg7 3. Nc3 d6 4. Bc4 Nf6 5. Qe2 Nc6 6. e5 Nxd4 7. exf6 Nxe2 8. fxg7 Rg8 9. Ngxe2 Rxg7 10. Bh6 Rg8 11. O-O-O c6 12. Nd4 Qc7 13. Rhe1 Bf5 14. Ndb5 cxb5 15. Nxb5 Rc8 16. Nxc7+ Rxc7 17. Bd3 Be6 18. Be3 b6 19. b3 Kd7 20. Bg5 Rgc8 21. Bb5+ 1-0